<?xml version="1.0" encoding="UTF-8"?>
<record
    xmlns:xsi="http://www.w3.org/2001/XMLSchema-instance"
    xsi:schemaLocation="http://www.loc.gov/MARC21/slim http://www.loc.gov/standards/marcxml/schema/MARC21slim.xsd"
    xmlns="http://www.loc.gov/MARC21/slim">

  <leader>01407nam0a22003611  4500</leader>
  <controlfield tag="001">v19\rc\1329740</controlfield>
  <controlfield tag="005">20250618120856.0</controlfield>
  <datafield tag="035" ind1=" " ind2=" ">
    <subfield code="a">(NLR Aleph) 004560649</subfield>
  </datafield>
  <datafield tag="090" ind1=" " ind2=" ">
    <subfield code="a">2268746</subfield>
    <subfield code="c">2268746</subfield>
  </datafield>
  <datafield tag="100" ind1=" " ind2=" ">
    <subfield code="a">20060512d1847    |||y0rusy50      ca</subfield>
  </datafield>
  <datafield tag="101" ind1="1" ind2=" ">
    <subfield code="a">rus</subfield>
    <subfield code="c">pol</subfield>
  </datafield>
  <datafield tag="102" ind1=" " ind2=" ">
    <subfield code="a">RU</subfield>
  </datafield>
  <datafield tag="105" ind1=" " ind2=" ">
    <subfield code="a">y   z   |||a|</subfield>
  </datafield>
  <datafield tag="200" ind1="1" ind2=" ">
    <subfield code="a">&#x41F;&#x43E;&#x432;&#x435;&#x441;&#x442;&#x44C; &#x438;&#x437; &#x441;&#x43A;&#x43B;&#x430;&#x434;&#x447;&#x438;&#x43D;&#x44B;</subfield>
    <subfield code="f">[&#x421;&#x43E;&#x447;.] &#x41A;&#x440;&#x430;&#x448;&#x435;&#x432;&#x441;&#x43A;&#x43E;&#x433;&#x43E; &#x438; &#x418;&#x43E;&#x43E;&#x43D;-&#x43E;&#x444;-&#x414;&#x44B;&#x43A;&#x430;&#x43B;&#x44C;&#x43F;&#x430; [&#x43F;&#x441;&#x435;&#x432;&#x434;.]</subfield>
    <subfield code="g">&#x41F;&#x435;&#x440;. &#x441; &#x43F;&#x43E;&#x43B;. &#x413;...&#x445;&#x430; &#x42F;&#x448;&#x43C;&#x43E;&#x432;&#x441;&#x43A;&#x43E;&#x433;&#x43E;</subfield>
  </datafield>
  <datafield tag="210" ind1=" " ind2=" ">
    <subfield code="a">&#x41C;&#x43E;&#x441;&#x43A;&#x432;&#x430;</subfield>
    <subfield code="c">&#x442;&#x438;&#x43F;. &#x441;&#x43A;&#x43E;&#x440;&#x43E;&#x43F;&#x435;&#x447;. &#x412;. &#x41A;&#x438;&#x440;&#x438;&#x43B;&#x43E;&#x432;&#x430;</subfield>
    <subfield code="d">1847</subfield>
  </datafield>
  <datafield tag="215" ind1=" " ind2=" ">
    <subfield code="a">201 &#x441;.</subfield>
    <subfield code="d">19</subfield>
  </datafield>
  <datafield tag="300" ind1=" " ind2=" ">
    <subfield code="a">&#x418;&#x43E;&#x43E;&#x43D;-&#x43E;&#x444;-&#x414;&#x44B;&#x43A;&#x430;&#x43B;&#x44C;&#x43F;&#x430; - &#x43F;&#x441;&#x435;&#x432;&#x434;. &#x41F;&#x43B;&#x430;&#x446;&#x438;&#x434;&#x430; &#x42F;&#x43D;&#x43A;&#x43E;&#x432;&#x441;&#x43A;&#x43E;&#x433;&#x43E;</subfield>
  </datafield>
  <datafield tag="700" ind1=" " ind2="1">
    <subfield code="9">z01790</subfield>
    <subfield code="a">&#x41A;&#x440;&#x430;&#x448;&#x435;&#x432;&#x441;&#x43A;&#x438;&#x439;</subfield>
    <subfield code="b">&#x42E;.&#x418;.</subfield>
    <subfield code="f">1812-1887</subfield>
    <subfield code="g">&#x42E;&#x437;&#x435;&#x444; &#x418;&#x433;&#x43D;&#x430;&#x446;&#x44B;</subfield>
  </datafield>
  <datafield tag="701" ind1=" " ind2="1">
    <subfield code="9">z02790</subfield>
    <subfield code="a">&#x42F;&#x43D;&#x43A;&#x43E;&#x432;&#x441;&#x43A;&#x438;&#x439;</subfield>
    <subfield code="b">&#x41F;.</subfield>
    <subfield code="f">1812-1887</subfield>
    <subfield code="g">&#x41F;&#x43B;&#x430;&#x446;&#x438;&#x434;</subfield>
  </datafield>
  <datafield tag="702" ind1=" " ind2="1">
    <subfield code="9">z03790</subfield>
    <subfield code="a">&#x42F;&#x448;&#x43C;&#x438;&#x432;&#x441;&#x43A;&#x438;&#x439;</subfield>
    <subfield code="b">&#x413;.</subfield>
    <subfield code="g">&#x413;-&#x445;</subfield>
    <subfield code="4">730</subfield>
  </datafield>
  <datafield tag="790" ind1=" " ind2="1">
    <subfield code="9">z01700</subfield>
    <subfield code="a">&#x41A;&#x440;&#x430;&#x448;&#x435;&#x432;&#x441;&#x43A;&#x438;&#x439;</subfield>
    <subfield code="b">&#x418;.&#x418;.</subfield>
    <subfield code="f">1812-1887</subfield>
    <subfield code="g">&#x418;&#x43E;&#x441;&#x438;&#x444; &#x418;&#x433;&#x43D;&#x430;&#x442;&#x438;&#x439;</subfield>
  </datafield>
  <datafield tag="790" ind1=" " ind2="0">
    <subfield code="9">z02701</subfield>
    <subfield code="a">&#x418;&#x43E;&#x43E;&#x43D;-&#x43E;&#x444;-&#x414;&#x44B;&#x43A;&#x430;&#x43B;&#x44C;&#x43F;&#x430;</subfield>
    <subfield code="f">1812-1887</subfield>
  </datafield>
  <datafield tag="790" ind1=" " ind2="1">
    <subfield code="9">z03702</subfield>
    <subfield code="a">&#x42F;&#x448;&#x43C;&#x43E;&#x432;&#x441;&#x43A;&#x438;&#x439;</subfield>
    <subfield code="b">&#x413;.</subfield>
    <subfield code="g">&#x413;...&#x445;</subfield>
  </datafield>
  <datafield tag="801" ind1=" " ind2="0">
    <subfield code="a">RU</subfield>
    <subfield code="b">NLR</subfield>
    <subfield code="g">psbo</subfield>
  </datafield>
  <datafield tag="801" ind1=" " ind2="0">
    <subfield code="a">RU</subfield>
    <subfield code="b">RuMoRGB</subfield>
    <subfield code="2">psbo</subfield>
  </datafield>
  <datafield tag="801" ind1=" " ind2="1">
    <subfield code="a">RU</subfield>
    <subfield code="b">ProSoft-M</subfield>
    <subfield code="2">rusmarc</subfield>
  </datafield>
  <datafield tag="852" ind1=" " ind2=" ">
    <subfield code="a">NLR</subfield>
    <subfield code="j">18.264.4.15</subfield>
  </datafield>
  <datafield tag="899" ind1=" " ind2=" ">
    <subfield code="a">RuMoRGB</subfield>
    <subfield code="j">E 95/245</subfield>
  </datafield>
  <datafield tag="899" ind1=" " ind2=" ">
    <subfield code="a">RuMoRGB</subfield>
    <subfield code="j">E 50/23</subfield>
  </datafield>
  <datafield tag="899" ind1=" " ind2=" ">
    <subfield code="a">&#x411;&#x410;&#x41D;</subfield>
  </datafield>
  <datafield tag="899" ind1=" " ind2=" ">
    <subfield code="a">&#x41D;&#x411; &#x41C;&#x413;&#x423;</subfield>
  </datafield>
  <datafield tag="942" ind1=" " ind2=" ">
    <subfield code="c">BOOK</subfield>
  </datafield>
  <datafield tag="980" ind1=" " ind2=" ">
    <subfield code="a">NB</subfield>
  </datafield>
  <datafield tag="995" ind1=" " ind2=" ">
    <subfield code="5">2013-10-26</subfield>
    <subfield code="b">NLR02</subfield>
    <subfield code="c">NLR02</subfield>
    <subfield code="e">RFS</subfield>
    <subfield code="f">4560649-10</subfield>
    <subfield code="k">18.264.4.15</subfield>
    <subfield code="o">0</subfield>
    <subfield code="r">BOOK</subfield>
    <subfield code="s">18264415_</subfield>
  </datafield>
  <datafield tag="995" ind1=" " ind2=" ">
    <subfield code="5">2013-10-26</subfield>
    <subfield code="b">NLR01</subfield>
    <subfield code="c">NLR01</subfield>
    <subfield code="e">TEMP</subfield>
    <subfield code="f">4560649-40</subfield>
    <subfield code="o">0</subfield>
    <subfield code="r">BOOK</subfield>
  </datafield>
  <datafield tag="995" ind1=" " ind2=" ">
    <subfield code="5">2013-10-26</subfield>
    <subfield code="b">NLR01</subfield>
    <subfield code="c">NLR01</subfield>
    <subfield code="e">TEMP</subfield>
    <subfield code="f">4560649-50</subfield>
    <subfield code="o">0</subfield>
    <subfield code="r">BOOK</subfield>
  </datafield>
</record>
